Library of the University of Algiers 3
Ibrahim Sultan Cheibout
شعار جامعة الجزائر 3
مكتبة جامعة الجزائر 3
إبراهيم سلطان شيبوط

الاتجاهات الحديثة للتسويق : (رقم التسجيلة. 43770)

تفاصيل مارك
000 -LEADER
fixed length control field 01605nam a2200229Ia 4500
003 - CONTROL NUMBER IDENTIFIER
control field Ost
005 - DATE AND TIME OF LATEST TRANSACTION
control field 20260507075258.0
008 - FIXED-LENGTH DATA ELEMENTS--GENERAL INFORMATION
fixed length control field 260507s9999||||xx |||||||||||||| ||und||
020 ## - INTERNATIONAL STANDARD BOOK NUMBER
International Standard Book Number 7962503977
040 ## - CATALOGING SOURCE
Transcribing agency fsecg
041 ## - LANGUAGE CODE
Language code of text/sound track or separate title ara
082 ## - DEWEY DECIMAL CLASSIFICATION NUMBER
Classification number 330
100 ## - MAIN ENTRY--PERSONAL NAME
Personal name سالمان، عماد صفر
Relator term مؤلف
245 #0 - TITLE STATEMENT
Title الاتجاهات الحديثة للتسويق :
Remainder of title محور الاداء في الكيانات و الاندماجات الاقتصادية ، المدخل لتحقيق السوق العربية المشتركة /
Statement of responsibility, etc. عماد صفر سالمان
260 ## - PUBLICATION, DISTRIBUTION, ETC.
Place of publication, distribution, etc. الاسكندرية:
Name of publisher, distributor, etc. منشأة المعارف,
Date of publication, distribution, etc. 2005
300 ## - PHYSICAL DESCRIPTION
Extent 250 صفحة؛
Other physical details إيضاحات ؛
Dimensions 24 سم
520 ## - SUMMARY, ETC.
Summary, etc. التسويق الدولي و دوره في الاسواق الدولية و الاتجاهات الحديثة للتسويق ، التسويق الالكتروني و التجارة الالكترونية كأداة تسويقية معاصرة مع التطرق الى مفهوم القدرة التنافسية و الميزة النسبية و مؤشرات القياس و كذلك القدرة التنافسية للمنظمات كأداة تسويقية و المتغيرات العالمية و التكتلات الاقليمية و أخيرا التطرق الى تأثير الاتجاهات الحديثة للتسويق و التكتلات و الاندماجات على السوق العربية المشتركة.
653 ## - INDEX TERM--UNCONTROLLED
Uncontrolled term التسويق
653 ## - INDEX TERM--UNCONTROLLED
Uncontrolled term التكامل الإقتصادي
653 ## - INDEX TERM--UNCONTROLLED
Uncontrolled term السوق العربية المشتركة
942 ## - ADDED ENTRY ELEMENTS (KOHA)
Koha item type كتب
المقتنيات
Withdrawn status Lost status Source of classification or shelving scheme Damaged status Not for loan Home library Current library Date acquired Serial enumeration / chronology Inventory number Total checkouts Full call number Barcode Date last seen Price effective from Koha item type
    Dewey Decimal Classification   NOT LOAN / إعارة داخلية مكتبة كلية العلوم الإقتصادية والعلوم التجارية وعلوم التسيير مكتبة كلية العلوم الإقتصادية والعلوم التجارية وعلوم التسيير 07/05/2026 الطابق الأرضي 2011/1197   أ/3792ن1 2011/1197 07/05/2026 07/05/2026 كتب
    Dewey Decimal Classification   Available مكتبة كلية العلوم الإقتصادية والعلوم التجارية وعلوم التسيير مكتبة كلية العلوم الإقتصادية والعلوم التجارية وعلوم التسيير 07/05/2026 الطابق الأرضي 2011/1198   أ/3792ن2 2011/1198 07/05/2026 07/05/2026 كتب
    Dewey Decimal Classification   Available مكتبة كلية العلوم الإقتصادية والعلوم التجارية وعلوم التسيير مكتبة كلية العلوم الإقتصادية والعلوم التجارية وعلوم التسيير 07/05/2026 الطابق الثاني 2011/1199   أ/3792ن3 2011/1199 07/05/2026 07/05/2026 كتب

موارد الويب المفتوحة


© University of Algiers 3 All Rights Reserved
|
Implemented by LECHELAH Riad